|
|
|
|
| LEADER |
00825nam a2200253 a 4500 |
| 001 |
adlib96000001 |
| 003 |
ViArRB |
| 005 |
20151026132425.0 |
| 008 |
960221s1955 dcuabcdjdbkoqu001 0deng d |
| 020 |
|
|
|a 9780123742599
|
| 022 |
|
|
|
| 040 |
|
|
|a Adlib
|
| 082 |
|
|
|a 621.352.6
|
| 245 |
|
|
|a PEM fuel cell modeling and simulation using MATLAB
|
| 250 |
|
|
|
| 260 |
|
|
|a Amsterdam
|b Academic Press
|c 2008
|
| 300 |
|
|
|a viii, 443p
|
| 500 |
|
|
|a
|
| 100 |
|
|
|a Spiegel, Colleen
|
| 700 |
|
|
|
| 942 |
|
|
|c BK
|6 _
|
| 653 |
|
|
|a Proton exchange membrane fuel cells - Design and construction
|a Proton exchange membrane fuel cells - Computer simulation
|a Fuel cells - Design and construction
|a MATLAB
|
| 999 |
|
|
|c 48491
|d 48491
|
| 952 |
|
|
|0 0
|1 0
|4 0
|6 6213526_SPI
|7 0
|9 61137
|a UL
|b UL
|d 2010-06-16
|o 621.352.6 SPI
|p 00061899
|r 2010-06-16
|w 2010-06-16
|y BK
|